| 000 | 01121cab a22002295a 4500 | ||
|---|---|---|---|
| 001 | L143594 | ||
| 008 | 080520e20080517xxk f 000 0 eng d | ||
| 035 | _a(Sirsi) u143594 | ||
| 041 | 0 | _aeng | |
| 100 | 1 | _aClarkson, Melanie | |
| 245 | 0 | 0 |
_aFocus _bSomerset, Devon and Cornwall |
| 260 | _c2008 | ||
| 490 |
_aEstates Gazette _v(0819) 17 May 2008, 115-133(12) |
||
| 520 | _aDiscusses the need for a major occupier at a Taunton development scheme after the MoD withdrew from its prelet agreement. Discusses alterations to the regional spatial strategy in Exeter and whether this will result in more city centre sites becoming available. Considers the future of Plymouth's trio of ambitious office and multi-use developments, which are now in doubt as a result of the economic downturn. Considers the future for Cornwall following recent EU-funded regeneration once that funding ends. | ||
| 590 | _aKA | ||
| 651 | 4 |
_aSouth West (England) _y1994- |
|
| 690 | _aPROPERTY-COMMERCIAL PROPERTY-COMMERCIAL PROPERTY MARKET | ||
| 700 | 1 | _aClift, Patrick | |
| 700 | 1 | _aMeadwell, Stacey | |
| 700 | 1 | _aNeale, Jon | |
| 942 | _n0 | ||
| 999 |
_c80242 _d80242 |
||